| 000 | 00958nam a22002897a 4500 | ||
|---|---|---|---|
| 003 | CHAP | ||
| 005 | 20220817042218.0 | ||
| 008 | 971013s1959 r 00010 d | ||
| 010 | _a37719 | ||
| 011 | _a38691 | ||
| 035 | _a42811 | ||
| 040 | _cCHAP | ||
| 082 |
_a664.0288 _bF36 |
||
| 110 | _aFAO | ||
| 245 | _aInforme de la reunión Europea sobre el empleo de radiaciones ionizantes en la preservación de alimentos, celebrada en Harwell, Inglaterra 17-21 de noviembre 1958 | ||
| 260 |
_aRoma : _bFAO, _c1959 |
||
| 300 | _a28 p. | ||
| 590 |
_aBATCH-UPD _b10 _c20130110 _lUCH01 _h1444 |
||
| 590 |
_aBATCH-UPD _b10 _c20130410 _lUCH01 _h0914 |
||
| 590 |
_aBATCH-UPD _b10 _c20130914 _lUCH01 _h0133 |
||
| 590 |
_aCONVERSION _b10 _c20130109 _lUCH01 _h1321 |
||
| 650 | 1 | 4 |
_aAlimentos _xConservación. _94179 |
| 650 | 1 | 4 |
_aRadiación _xEfecto en alimentos. _993665 |
| 901 | _aBK | ||
| 942 | _cLIBRO | ||
| 949 |
_a664.0288 F36 _bBC _cFAO _d-98438 _eFAO1 _h25325 _i42811 _mD _si |
||
| 999 |
_c37719 _d37719 |
||